[Event "ISR Youth-Ch Finals 2021 U18"]
[Site "Ramat Hasharon"]
[Date "2021.03.24"]
[Round "6.4"]
[White "Zemach, Roee"]
[Black "Katkov, Michelle"]
[Result "1/2-1/2"]
[WhiteElo "2292"]
[BlackElo "2078"]
[Annotator "TA"]
[PlyCount "92"]
[EventDate "2021.03.19"]
[EventType "swiss"]
[EventCountry "ISR"]
[SourceTitle "playchess.com"]
[Source "ChessBase"]
[SourceQuality "1"]

{[%evp 9,92,26,29,26,29,-1,0,0,25,25,25,35,32,20,22,37,33,27,22,42,27,0,39,23,25,32,62,62,61,61,61,61,61,61,61,61,61,61,61,61,61,61,61,61,65,8,8,0,0,0,0,0,7,7,60,67,77,84,84,67,68,24,11,0,0,0,0,0,0,0,0,12,25,0,0,0,0,0,0,0,0,0,0,0,0]} 1. d4 Nf6 2. Bg5 e6 3. e4 c5 4. d5 d6 5. Nc3 Be7 6. Bb5+ {A45: Trompowsky Attack.} Bd7 7. dxe6 (7. Bxd7+ {feels hotter.} Qxd7 8. Nf3 h6 9. Bh4 exd5 10. Bxf6 Bxf6 11. Nxd5 Bxb2 12. Rb1) 7... fxe6 8. e5 {[#]} Nd5 $146 ({Predecessor:} 8... dxe5 9. Bxf6 Bxf6 10. Bxd7+ Qxd7 11. Ne4 Qxd1+ 12. Rxd1 Be7 13. Nf3 Nc6 14. c3 Rd8 15. Rxd8+ Kxd8 {½-½ (26) Moiseenko,A (2631)-Kruppa,Y (2533) Alushta 2004}) 9. Bxe7 Qxe7 10. exd6 Qxd6 11. Nf3 Bxb5 12. Nxb5 Qb6 13. c4 {Hoping for Qa4.} O-O $1 14. O-O Nf4 15. Re1 a6 {[#]} 16. Qd6 $1 Nc6 {[#]} 17. Qc7 $1 Qxc7 (17... Qa5 18. Qxb7) 18. Nxc7 Rad8 19. Nxe6 Nxe6 20. Rxe6 Nd4 21. Nxd4 Rxd4 $14 {[%mdl 4096] Endgame KRR-KRR} 22. b3 Rd2 23. f3 Rfd8 24. Kf1 Rb2 {White should prevent ...Rdd2.} 25. Re2 Rdd2 26. Rxd2 Rxd2 {KR-KR} 27. h4 ({White should play} 27. Re1 $1 $14) 27... Kf7 $11 28. Kg1 Kf6 29. Kh2 g6 30. Kh3 h5 31. g4 Ke5 (31... a5 $11) 32. Kg3 $14 hxg4 33. Re1+ ({Reject} 33. fxg4 Rd3+ 34. Kh2 Kf4 $11) 33... Kf6 {With the idea ...gxf3.} 34. fxg4 Rxa2 35. g5+ Kf7 $1 36. Kf4 Rh2 37. Ke5 Rxh4 38. Kd6 Rg4 39. Re7+ {[%mdl 64] Double Attack} Kf8 40. Rxb7 Rxg5 41. b4 cxb4 {The position is equal.} 42. c5 Rg1 43. c6 {Strongly threatening c7.} Rd1+ 44. Ke6 Re1+ $1 45. Kd6 Rd1+ 46. Ke6 Re1+ $1 {Weighted Error Value: White=0.07/Black=0.06} 1/2-1/2

[Event "ISR Youth-Ch Finals 2021 U18"]
[Site "Ramat Hasharon"]
[Date "2021.03.24"]
[Round "6.5"]
[White "Iliaguev, Daniel"]
[Black "Gorodetzky, Matan"]
[Result "0-1"]
[WhiteElo "2103"]
[BlackElo "2253"]
[Annotator "TA"]
[PlyCount "94"]
[EventDate "2021.03.19"]
[EventType "swiss"]
[EventCountry "ISR"]
[SourceTitle "playchess.com"]
[Source "ChessBase"]
[SourceQuality "1"]

{[%evp 22,94,18,0,14,18,7,0,8,0,16,-2,-12,-16,0,-31,-14,-33,-27,-27,-22,-16,-14,-11,-23,-114,-111,-117,-107,-144,-139,-135,-135,-164,-106,-142,-108,-111,-106,-109,-102,-119,-85,-170,-175,-810,-782,-919,-948,-934,-927,-911,-831,-571,-415,-6314,-6219,-6215,-5389,-6211,-5410,-5389,-2504,-29979,-29980,-29977,-29978,-6303,-5393,-29981,-29982,-29982,-29983,-29988,-29989]} 1. d4 Nf6 2. c4 g6 3. g3 Bg7 4. Bg2 O-O 5. Nc3 d6 6. Nf3 Nc6 7. O-O a6 8. b3 Rb8 9. Bb2 b5 10. cxb5 axb5 11. d5 Na5 12. Nd4 Bd7 {E63: King's Indian: Fianchetto: Panno Variation with 7...a6.} 13. Rc1 b4 14. Na4 e5 {The position is equal.} 15. dxe6 fxe6 16. Nc6 Nxc6 17. Bxc6 e5 $36 {[%mdl 2048] [#] White is under pressure.} 18. Qc2 $146 ({Predecessor:} 18. Qd3 Be6 19. Bg2 Kh8 20. e3 Qe7 21. f4 exf4 22. exf4 Bf5 23. Qd4 Rfe8 24. Bc6 Bd7 25. Bf3 Bf5 26. Bc6 Bd7 27. Bf3 Bf5 28. Bc6 {½-½ (28) Kiese,M (2206)-Kummerow,H (2154) Germany 2017}) 18... Bh3 19. Bg2 (19. Rfe1 {keeps more tension.} Rf7 20. Qd2 Qc8 21. e3 Qe6 22. f4) 19... Bxg2 20. Kxg2 Rf7 21. Rcd1 Qe7 22. Bc1 Qe6 23. Nb2 (23. e4 $11) 23... Ra8 24. Nd3 c5 25. f3 Rfa7 26. e4 Rxa2 27. Bb2 Nd7 ({Black should play} 27... Bh6 $19 {White must now prevent ...R8a3!} 28. Ra1 Be3 29. Rxa2 Rxa2) 28. Ra1 Nb6 29. Rxa2 Rxa2 30. Ra1 Rxa1 31. Bxa1 Qc8 32. Nb2 (32. Bb2 $17) 32... Qa6 33. Nc4 $2 {[#]} (33. Qd1) 33... Nxc4 $19 ({Not} 33... Qxa1 34. Nxb6 Qc3 35. Qd1 $15) 34. Qxc4+ Qxc4 35. bxc4 {[%mdl 4096] Endgame KB-KB} Bh6 36. Bb2 Be3 37. Kf1 Bd4 38. Bxd4 (38. Bc1 $142) 38... cxd4 {KP-KP} (38... exd4 $2 39. Ke2 $19) 39. Ke2 Kf7 40. f4 b3 41. Kd3 h5 42. h4 Ke6 43. Kd2 Kd7 44. Kd3 Kc7 45. f5 gxf5 {Black mates.} 46. exf5 e4+ 47. Kd2 e3+ {Weighted Error Value: White=1.00/Black=0.17} 0-1

[Event "ISR Youth-Ch Finals 2021 U18"]
[Site "Ramat Hasharon"]
[Date "2021.03.24"]
[Round "6.6"]
[White "Milikow, Yoav"]
[Black "Neiman, Maks"]
[Result "1-0"]
[WhiteElo "2302"]
[BlackElo "1993"]
[Annotator "TA"]
[PlyCount "55"]
[EventDate "2021.03.19"]
[EventType "swiss"]
[EventCountry "ISR"]
[SourceTitle "playchess.com"]
[Source "ChessBase"]
[SourceQuality "1"]

{[%evp 15,55,2,8,6,6,14,6,8,0,12,18,19,0,0,29,0,0,0,0,0,0,-69,-18,-31,20,20,17,5,12,9,45,54,293,304,304,303,395,403,409,397,443,352]} 1. d4 Nf6 2. c4 e6 3. Nc3 Bb4 4. Qc2 d5 5. a3 Bxc3+ 6. Qxc3 O-O 7. Nf3 dxc4 8. Qxc4 b6 9. Bg5 {E36: Nimzo-Indian: Classical: 4...d5 5 a3.} Ba6 10. Qa4 Qd7 11. Qc2 {The position is equal.} c5 12. dxc5 Rc8 13. Bxf6 gxf6 14. Rd1 Qc6 {[#]} 15. Qc3 $146 ({Predecessor:} 15. g3 Qxc5 16. Qxc5 Rxc5 17. Rd8+ Kg7 18. Bg2 Bb7 19. Kd2 Rd5+ 20. Rxd5 Bxd5 21. Rc1 {½-½ (74) Bajarani,U (2532)-Shahaliyev,I (2362) Baku 2016}) 15... Nd7 16. h4 e5 17. Rh3 Nxc5 18. Rg3+ ({Better is} 18. Qe3 $11) 18... Kf8 (18... Kh8 $15) 19. Nd2 Ne6 (19... Qe6 $15) 20. Qxc6 $11 Rxc6 21. Ne4 Nd4 {[#] Strongly threatening ...Rd8.} 22. Rc3 Rac8 23. e3 Rxc3 $2 {This move loses the game for Black.} (23... Bxf1 $1 $14 24. Kxf1 Rxc3 25. Nxc3 Ne6) 24. Bxa6 $18 Nc2+ {[#]} 25. Ke2 $1 R3c6 26. Bxc8 Rxc8 27. Kd2 f5 28. Nc3 {Weighted Error Value: White=0.07/Black=0.35} 1-0

[Event "ISR Youth-Ch Finals 2021 U18"]
[Site "Ramat Hasharon"]
[Date "2021.03.24"]
[Round "6.7"]
[White "Kochavi, Ori"]
[Black "Levitan, Ronit"]
[Result "1-0"]
[WhiteElo "2273"]
[BlackElo "2048"]
[Annotator "TA"]
[PlyCount "51"]
[EventDate "2021.03.19"]
[EventType "swiss"]
[EventCountry "ISR"]
[SourceTitle "playchess.com"]
[Source "ChessBase"]
[SourceQuality "1"]

{[%evp 11,51,13,23,23,25,10,45,40,52,47,38,22,43,32,39,30,121,96,128,112,200,173,187,149,166,154,162,165,163,99,256,257,358,352,358,348,352,350,330,337,724,712]} 1. Nf3 d5 2. e3 Nf6 3. d4 e6 4. b3 c5 5. Bb2 Nc6 6. Nbd2 Bd6 {The main line 6...Bd6 scores better than 6...Be7.} 7. dxc5 {D05: Colle System with ...e6.} Bxc5 8. a3 a6 9. b4 {White is slightly better.} Bd6 10. c4 O-O 11. Qc2 dxc4 12. Nxc4 Bc7 13. Bd3 {[#]} b5 $146 (13... h6 $11) ({Predecessor:} 13... h6 14. O-O b5 15. Ncd2 Bb7 16. Rfd1 Rc8 17. Bxf6 Qxf6 18. Ne4 Qe7 19. Qc5 Bb8 20. Be2 Rc7 21. Qxe7 Nxe7 {½-½ (56) Cramling,P (2480)-Martin Gonzalez,A (2370) Barcelona 1989}) 14. Ncd2 $16 Bb7 15. Ne4 {aiming for Bxf6.} e5 (15... Qe7 $16) 16. Nxf6+ Qxf6 17. Bxh7+ Kh8 {White should prevent ...g6.} 18. Be4 a5 19. O-O {And now Rac1 would win.} axb4 20. Rfc1 (20. axb4 $18 {Black must now prevent Qe2.} Nxb4 21. Rxa8 (21. Qxc7 Bxe4 22. Rxa8 Rxa8 $18) 21... Rxa8 22. Qxc7 Bxe4 23. Nxe5 (23. Bxe5 Qg6 $16) (23. Qxe5 Qxe5 24. Nxe5 f6 $11)) 20... Ra6 $2 {[#] This move loses the game for Black.} (20... Bd6 $16) 21. axb4 $18 Nxb4 22. Qxc7 {[%mdl 64] Double Attack} Bxe4 23. Qc5 {[%mdl 64] Double Attack} ({Not} 23. Nxe5 Rxa1 24. Bxa1 Qg5 $18) (23. Qxe5 Qxe5 24. Nxe5 (24. Bxe5 Rxa1 25. Bxa1 Nd3 $14) 24... Rxa1 $16) (23. Bxe5 Qd8 $16) 23... Qd6 {[#]} 24. Qxd6 (24. Qxb5 Rxa1 25. Rxa1 Bxf3 $16) (24. Nxe5 Qxc5 25. Rxc5 f6 $14) (24. Qxe5 Qxe5 25. Nxe5 (25. Bxe5 Rxa1 26. Rxa1 Nd3 $14) 25... Rxa1 $16) 24... Rxd6 25. Ba3 ({Weaker is} 25. Nxe5 Re6 $16) ({Less strong is} 25. Bxe5 Rd7 $16) 25... Nc2 (25... Ra8 26. Bxb4 Rxa1 27. Rxa1 Rg6) 26. Bxd6 {Weighted Error Value: White=0.09/Black=0.49} 1-0

[Event "ISR Youth-Ch Finals 2021 U18"]
[Site "Ramat Hasharon"]
[Date "2021.03.24"]
[Round "6.8"]
[White "Cohen Revivo, Shoham"]
[Black "Stolyarsky, Yegor"]
[Result "1-0"]
[WhiteElo "2171"]
[BlackElo "2063"]
[Annotator "TA"]
[PlyCount "71"]
[EventDate "2021.03.19"]
[EventType "swiss"]
[EventCountry "ISR"]
[SourceTitle "playchess.com"]
[Source "ChessBase"]
[SourceQuality "1"]

{[%evp 13,71,-1,-9,-32,-11,-10,-12,-6,31,28,27,35,47,55,47,32,64,-53,-56,-84,-74,-57,-31,-64,-48,-85,-12,-28,14,20,19,13,13,23,21,19,50,61,55,4,260,248,241,62,29976,29977,29977,1145,1135,1134,1046,825,825,825,825,825,811,763,6091,5365]} 1. f4 d5 2. Nf3 Nf6 3. g3 c5 4. Bg2 g6 5. O-O Bg7 6. c3 O-O 7. d3 Nc6 8. Nbd2 {A03: Bird's Opening with 1...d5.} d4 9. cxd4 cxd4 10. Nc4 {[#] The position is equal.} e6 $146 ({Predecessor:} 10... Nd5 11. a3 b5 12. Nce5 Nxe5 13. Nxe5 Be6 14. Nf3 h6 15. Bd2 Rc8 16. h3 Qd6 {1-0 (56) Dimitrov,P (2321)-Salimova,N (1780) Plovdiv 2013}) 11. Bd2 Ne7 12. Qb3 Nf5 13. Ba5 b6 $1 {[%cal Rb6a5]} 14. Bb4 Re8 $1 15. a4 (15. Nh4 $1 $14 Rb8 16. Nxf5 exf5 17. Bd6) 15... Bb7 $15 16. Rfc1 Bd5 17. Bd2 Ng4 18. Qb5 h5 19. a5 {[%cal Ra5b6]} bxa5 (19... h4 $17 20. axb6 hxg3) 20. Qxa5 $11 Nge3 (20... Qb8 {looks sharper.} 21. Ra4 Re7 22. Rb4 Rb7 23. Ng5 Bxg2 24. Kxg2 Bf8) 21. Nxe3 Nxe3 22. Bxe3 dxe3 23. Ne5 Bxe5 24. fxe5 Qb8 25. Bxd5 exd5 26. Qxd5 ({White should try} 26. Rc7 $14) 26... Qxb2 $2 {[%mdl 8192]} (26... Rxe5 $11 27. Qd4 a5) 27. Rf1 $18 Rf8 {[#]} 28. e6 $2 ({Only move:} 28. Ra6 $1 $18 {[%cal Ra6g6]} Kh8 29. Raf6) 28... Qb4 $2 {[%mdl 8192]} (28... fxe6 $14 29. Qxe6+ Kh7) 29. Rxf7 Rab8 30. Rxf8+ (30. Qd7 $142 Rxf7 31. Qxf7+ {[%mdl 64] Double Attack} Kh8 32. e7 a5 33. Rf1 Qd6 34. e8=Q+ Rxe8 35. Qxe8+ {[%mdl 64] Double Attack} Kh7 36. Rf7+ Kh6 37. Qh8+ Kg5 38. Rf3) 30... Qxf8 {[%mdl 4096] Endgame KQR-KQR. White is clearly winning.} 31. e7+ Qf7 32. Qd8+ Qe8 33. Qxe8+ Rxe8 34. Rxa7 g5 35. Ra5 g4 36. Re5 {Weighted Error Value: White=0.28/Black=0.64} 1-0

[Event "ISR Youth-Ch Finals 2021 U18"]
[Site "Ramat Hasharon"]
[Date "2021.03.24"]
[Round "6.9"]
[White "Gov, Guy"]
[Black "Sobel, Ido"]
[Result "1-0"]
[WhiteElo "2095"]
[BlackElo "1885"]
[Annotator "TA"]
[PlyCount "79"]
[EventDate "2021.03.19"]
[EventType "swiss"]
[EventCountry "ISR"]
[SourceTitle "playchess.com"]
[Source "ChessBase"]
[SourceQuality "1"]

{[%evp 9,79,6,3,-19,-14,-44,-39,-44,-37,-92,-96,-112,-83,-79,-75,-77,-75,-129,-110,-107,-99,-83,-86,-106,-91,-309,-299,-307,-322,-385,-385,-375,-376,-381,-360,-347,-307,-279,-258,-328,-280,-276,-91,-93,-11,-12,-12,-34,-12,-22,-9,-9,0,0,22,16,23,-9,0,0,0,-100,8,0,0,-49,-83,-74,209,216,199,198]} 1. e4 c6 2. d4 d5 3. exd5 cxd5 4. Nc3 Nf6 5. Bf4 a6 6. Qd2 {B13: Caro-Kann: Exchange Variation and Panov-Botvinnik Attack.} Nc6 7. Nge2 Bf5 8. Ng3 {Black is slightly better.} Bg6 {[#]} 9. a3 $146 (9. Bd3 $15) ({Predecessor:} 9. h4 h6 10. h5 Bh7 11. Bd3 Bxd3 12. Qxd3 e6 13. a3 Bd6 14. Nge2 Bxf4 15. Nxf4 {1-0 (32) Fries Nielsen,J (2387)-Livner,A (2343) Sweden 2012}) 9... Qb6 $17 10. O-O-O e6 11. h4 h5 12. Na4 Qa7 {And now ...b5 would win.} 13. Qc3 (13. Nc3 $142) 13... Rc8 14. Bd3 Bxd3 15. Qxd3 b5 16. Nc3 b4 17. Na4 (17. axb4 $17 {keeps fighting.} Nxb4 18. Qd2) 17... bxa3 $19 18. bxa3 Na5 19. Bd2 Nc4 20. Bb4 Bxb4 21. axb4 a5 22. b5 Qd7 23. Qb3 Rb8 24. Nc3 Ng4 25. Rhf1 Qe7 $2 (25... Qd8 $19 {and Black stays clearly on top.} 26. Nge4 Qxh4) 26. Nxd5 $17 Qa3+ (26... exd5 $17 27. Rfe1 Nge3 $1) 27. Qxa3 $11 Nxa3 28. Nf4 Nxb5 29. Rd3 g6 30. Ne4 Kf8 31. c4 Nc7 32. Kc2 Kg7 33. Ra1 Rb4 34. Rc3 Rd8 35. Ne2 {[#]} (35. Nd3 $11 {keeps the balance.} Rxd4 36. Nd2 (36. Nxb4 $2 axb4 37. Nc5 bxc3 $19)) 35... a4 (35... e5 $1 $17 {[%cal Re5d4]} 36. dxe5 Nxe5) 36. f3 $36 {[%mdl 2048] White is more active.} Nh6 37. Kd3 Nf5 38. Rca3 Nxd4 $2 {[%mdl 8192]} 39. Nxd4 $18 {Kc3 is the strong threat.} e5 {[#]} 40. Kc3 $1 {What a bad dream for Black.  Weighted Error Value: White=0.33/Black=0.35} 1-0

[Event "ISR Youth-Ch Finals 2021 U18"]
[Site "Ramat Hasharon"]
[Date "2021.03.24"]
[Round "6.10"]
[White "Mondri, Nadav"]
[Black "Sheinkman, Lidan"]
[Result "0-1"]
[WhiteElo "1803"]
[BlackElo "1895"]
[Annotator "NA RC"]
[PlyCount "82"]
[EventDate "2021.03.19"]
[EventType "swiss"]
[EventCountry "ISR"]
[SourceTitle "playchess.com"]
[Source "ChessBase"]
[SourceQuality "1"]
[TimeControl "5400+30"]

1. e4 {[%emt 0:00:00]} e6 {[%emt 0:03:39]} 2. d4 {[%emt 0:00:37]} d5 {[%emt 0:00:01]} 3. Nd2 {[%emt 0:01:19]} Nf6 {[%emt 0:00:21]} 4. Bd3 {[%emt 0:00:53]} c5 {[%emt 0:00:32]} 5. c3 {[%emt 0:00:29]} Nc6 {[%emt 0:00:05]} 6. Ne2 {[%emt 0:01:19]} cxd4 {[%emt 0:01:57]} 7. cxd4 {[%emt 0:05:09]} dxe4 {[%emt 0:00:27]} 8. Nxe4 {[%emt 0:01:50]} Be7 {[%emt 0:00:06]} 9. O-O {[%emt 0:02:20]} O-O {[%emt 0:00:24]} 10. Be3 {[%emt 0:07:25]} Nb4 {[%emt 0:09:11]} 11. Nxf6+ {[%emt 0:04:42]} Bxf6 {[%emt 0:00:11]} 12. Be4 {[%emt 0:00:26]} Nd5 {[%emt 0:01:49]} 13. Qc2 {[%emt 0:10:55]} g6 {[%emt 0:03:21]} 14. Rac1 {[%emt 0:06:10]} b6 $11 {[%emt 0:03:04]} 15. Bxd5 {[%emt 0:04:26]} Qxd5 {[%emt 0:00:01]} 16. Qc6 {[%emt 0:01:14]} Qxc6 {[%emt 0:03:34]} 17. Rxc6 {[%emt 0:00:08]} Ba6 {[%emt 0:00:15]} 18. Rc2 {[%emt 0:04:12]} Rac8 {[%emt 0:05:05]} 19. Rd2 {[%emt 0:03:11]} Rfd8 {[%emt 0:03:55]} 20. Rfd1 {[%emt 0:01:45]} Bxe2 {[%emt 0:00:31]} 21. Rxe2 {[%emt 0:03:12]} Bxd4 {[%emt 0:00:02]} 22. Red2 {[%emt 0:04:13]} Bf6 {[%emt 0:00:16]} 23. Rd7 {[%emt 0:02:52]} Rxd7 {[%emt 0:11:19]} 24. Rxd7 {[%emt 0:00:08]} Rd8 {[%emt 0:00:12]} 25. Rxd8+ {[%emt 0:01:49]} Bxd8 {[%emt 0:52:12]} 26. Kf1 {[%emt 0:00:20]} Bc7 {[%emt 0:00:00]} 27. h3 {[%emt 0:00:21]} Kg7 {[%emt 0:00:00]} 28. Ke2 {[%emt 0:00:16]} Kf6 {[%emt 0:00:00]} 29. Kd3 {[%emt 0:00:30]} Ke5 {[%emt 0:00:00]} 30. Kc4 {[%emt 0:00:30]} a6 {[%emt 0:00:00]} 31. a4 {[%emt 0:02:11]} f5 {[%emt 0:00:00]} 32. g3 {[%emt 0:02:24]} Ke4 {[%emt 0:03:30]} 33. b4 {[%emt 0:01:23]} e5 {[%emt 0:00:00]} 34. Bg5 {[%emt 0:00:40]} f4 {[%emt 0:00:00]} 35. gxf4 {[%emt 0:00:52]} exf4 {[%emt 0:00:00]} 36. Bh4 {[%emt 0:03:13]} h6 {[%emt 0:00:00]} 37. Bf6 {[%emt 0:00:27]} g5 {[%emt 0:00:00]} 38. Bg7 {[%emt 0:00:48]} h5 {[%emt 0:00:00]} 39. Bf6 {[%emt 0:00:10]} g4 {[%emt 0:00:00]} 40. hxg4 {[%emt 0:00:16]} hxg4 {[%emt 0:00:00]} 41. Bh4 {[%emt 0:00:06]} f3 {[%emt 0:00:00]} 0-1

[Event "ISR Youth-Ch Finals 2021 U18"]
[Site "Ramat Hasharon"]
[Date "2021.03.24"]
[Round "6.11"]
[White "Sobel, Alon"]
[Black "Friedland, Eldar"]
[Result "0-1"]
[WhiteElo "1825"]
[BlackElo "2034"]
[Annotator "TA"]
[PlyCount "58"]
[EventDate "2021.03.19"]
[EventType "swiss"]
[EventCountry "ISR"]
[SourceTitle "playchess.com"]
[Source "ChessBase"]
[SourceQuality "1"]

{[%evp 11,58,-10,4,-22,-9,-89,-81,-88,-9,-8,70,90,156,145,162,123,129,129,125,136,145,122,134,112,152,116,258,247,240,99,318,295,324,321,311,314,327,320,324,315,285,0,-8,0,-4,-181,-190,-274,-263]} 1. f4 Nf6 2. Nf3 g6 3. d3 d5 4. g3 Bg7 5. Bg2 O-O 6. O-O c5 7. Nbd2 {A03: Bird's Opening with 1...d5.} Nc6 8. e4 {[#]} (8. c3 $11 {remains equal.}) 8... Ng4 $1 $17 {[#]} 9. Re1 $146 {Black is better.} ({Predecessor:} 9. Nb3 dxe4 10. dxe4 c4 11. Qxd8 Rxd8 {½-½ (11) Eickmann,M-Heyn,U DESC email 2001}) 9... dxe4 ({Black should play} 9... c4 $1 $17 {Strongly threatening ...Qb6+.} 10. Nf1 dxe4 11. dxe4 Qb6+ 12. Be3 Nxe3 13. Nxe3 Bxb2) 10. Nxe4 $11 Bf5 (10... c4 $11) 11. h3 $1 $14 {[%cal Rh3g4]} Bd4+ {[#]} (11... Nf6 $142) 12. Kf1 $1 $16 Nh6 13. c3 Bxe4 14. dxe4 Bg7 15. Be3 b6 16. Qa4 Qc7 17. Rad1 {[%cal Ba1d1,Bd1d5,Bd5d7][%mdl 32]} e5 18. Rd5 f5 (18... f6 $16) 19. Ng5 $18 Rae8 20. Red1 (20. Rdd1 $18 {has better winning chances.}) 20... Na5 $2 (20... Re7 $16) 21. Rd7 Qc6 22. Qxc6 Nxc6 23. exf5 Nxf5 24. Bd5+ Kh8 25. Bf2 Nd8 26. Bf7 $2 ({Not} 26. Rxa7 exf4 27. gxf4 h6 $16) (26. g4 $18 Ne7 27. Be4) 26... Nxf7 $11 27. Nxf7+ Kg8 {Hoping for ...exf4.} 28. Nxe5 (28. Nd6 $11 Nxd6 29. R1xd6) 28... Bxe5 $19 29. fxe5 (29. Rxa7 $142 g5 30. g4) 29... Ne3+ $1 {[%mdl 64] Double Attack.  Weighted Error Value: White=0.57/Black=0.38} ({Weaker is} 29... Rxe5 30. Kg1 $11) 0-1

[Event "ISR Youth-Ch Finals 2021 U18"]
[Site "Ramat Hasharon"]
[Date "2021.03.24"]
[Round "7.1"]
[White "Ben Ari, Yannay"]
[Black "Gorodetzky, Matan"]
[Result "1/2-1/2"]
[WhiteElo "2403"]
[BlackElo "2253"]
[Annotator "TA"]
[PlyCount "43"]
[EventDate "2021.03.19"]
[EventType "swiss"]
[EventCountry "ISR"]
[SourceTitle "playchess.com"]
[Source "ChessBase"]
[SourceQuality "1"]

{[%evp 15,43,47,46,25,29,29,43,30,41,35,35,27,30,35,40,39,45,42,42,32,38,37,45,44,51,19,24,9,10,0]} 1. c4 e6 2. d4 d5 3. Nc3 c5 4. cxd5 exd5 5. Nf3 cxd4 6. Nxd4 Nf6 7. Bg5 Be7 8. e3 O-O 9. Rc1 {D32: Tarrasch Defence: Sidelines and lines without g3.} Nc6 10. Be2 Be6 11. O-O {White is slightly better.} Rc8 12. a3 h6 13. Bf4 Bd6 14. Bxd6 Qxd6 {[#]} 15. Qa4 $146 ({Predecessor:} 15. Na4 Rfe8 16. Nxc6 Rxc6 17. Qd4 a6 18. Rfd1 Bf5 19. Rxc6 bxc6 20. Rc1 a5 21. Qc5 {1-0 (45) Valente,D-Nicholls,M (2028) ICCF email 2014}) 15... a6 16. Rfd1 Ne5 17. Qb4 Qxb4 18. axb4 Nc6 19. Nxc6 Rxc6 20. b5 axb5 21. Bxb5 Rb6 22. Rb1 {Weighted Error Value: White=0.06/Black=0.02} 1/2-1/2

[Event "ISR Youth-Ch Finals 2021 U18"]
[Site "Ramat Hasharon"]
[Date "2021.03.24"]
[Round "7.2"]
[White "Tzidkiya, Yeshaayahu"]
[Black "Globus, Or"]
[Result "1/2-1/2"]
[WhiteElo "2380"]
[BlackElo "2401"]
[Annotator "TA"]
[PlyCount "74"]
[EventDate "2021.03.19"]
[EventType "swiss"]
[EventCountry "ISR"]
[SourceTitle "playchess.com"]
[Source "ChessBase"]
[SourceQuality "1"]

{[%evp 9,74,0,8,-15,-4,-30,0,0,6,3,9,-6,1,0,0,0,0,0,-1,-23,-16,-18,-13,-68,-75,-133,-123,-112,-112,-200,-52,-83,-81,-61,-35,-50,-47,-87,-83,-90,-90,-91,-13,-27,-27,-27,0,0,0,0,0,0,0,-5,0,0,0,0,0,0,0,-8,0,0,0,0,0]} 1. d4 d5 2. Nc3 Nf6 3. Bg5 Bf5 4. e3 e6 5. Nf3 Nbd7 6. Ne5 {D01: Veresov Opening.} h6 7. Bf4 {[#]} Bd6 $146 (7... c5 {is more complex.} 8. a3 a6 9. Bd3 Bxd3 10. Qxd3 Be7) ({Predecessor:} 7... Be7 8. g4 Bh7 9. h4 Ne4 10. g5 Nxc3 11. bxc3 Be4 12. Rh3 hxg5 13. hxg5 Rxh3 14. Bxh3 Nxe5 15. Bxe5 Bxg5 {0-1 (37) Przybyla,K (2184)-Bielinski,L (2128) Warsaw 2008}) 8. Bd3 Bxd3 9. cxd3 Qe7 10. a3 a6 11. b4 a5 12. O-O axb4 13. axb4 O-O 14. Qb3 Bxe5 15. dxe5 Nh5 16. Rac1 ({White should try} 16. h3 $11) 16... g5 $15 17. Bg3 (17. Qd1 $142 Nxf4 18. exf4) 17... Nxg3 $17 18. hxg3 Nxe5 19. f4 (19. Ra1 $17 {was called for.}) 19... Nxd3 (19... gxf4 $19 20. exf4 Ng4) 20. Nxd5 $15 exd5 21. Qxd3 c6 22. b5 Ra3 23. Rc3 Rfa8 24. bxc6 bxc6 25. Kh2 g4 (25... Qd6 $17 26. Rfc1 Rxc3 27. Qxc3 Rc8 28. fxg5 hxg5) 26. Rfc1 Rxc3 27. Qxc3 $11 {[%mdl 4096] Endgame KQR-KQR} Rc8 28. Ra1 {The position is equal.} Kh7 29. Qd4 Qe6 30. Qc5 Kg7 31. Ra7 Qf5 32. Re7 Qh5+ 33. Kg1 Rb8 34. Qc3+ Kg8 35. Rc7 Qg6 36. Rxc6 Rb1+ $1 37. Kf2 {[#] Threatening mate with Rc8+.} Rb2+ $1 {Weighted Error Value: White=0.15/Black=0.18} 1/2-1/2

[Event "ISR Youth-Ch Finals 2021 U18"]
[Site "Ramat Hasharon"]
[Date "2021.03.24"]
[Round "7.3"]
[White "Katkov, Michelle"]
[Black "Ehrlich, Roy"]
[Result "0-1"]
[WhiteElo "2078"]
[BlackElo "2004"]
[Annotator "TA"]
[PlyCount "76"]
[EventDate "2021.03.19"]
[EventType "swiss"]
[EventCountry "ISR"]
[SourceTitle "playchess.com"]
[Source "ChessBase"]
[SourceQuality "1"]

{[%evp 26,76,6,0,0,-11,-17,-10,31,29,18,0,20,16,19,13,25,24,16,20,3,0,0,0,0,-31,-30,-38,-42,-42,-40,-49,-37,-46,-50,-43,-49,-84,-84,-106,-88,-241,-224,-307,-316,-485,-485,-477,-460,-441,-369,-415,-325]} 1. e4 e6 2. d4 d5 3. Nd2 c5 4. exd5 Qxd5 5. Ngf3 cxd4 6. Bc4 Qd6 7. O-O Nf6 8. Nb3 Nc6 9. Nbxd4 Nxd4 10. Nxd4 a6 11. Re1 Qc7 12. Bb3 Bd6 13. h3 O-O 14. c3 h6 {C07: French Tarrasch: 3...c5, 4 Ngf3 and 4 exd5 Qxd5.} 15. Be3 b5 16. a4 e5 {The position is equal.} 17. Nf3 Bb7 {[#]} 18. Qe2 $146 ({Predecessor:} 18. axb5 axb5 19. Qe2 b4 20. cxb4 Bxb4 21. Rec1 Rxa1 22. Rxa1 e4 23. Nd4 Qe5 24. Qb5 Qxb5 25. Nxb5 {0-1 (50) Rodchenkov,S (2346)-Eren,A (2321) chess.com INT 2020}) 18... b4 19. cxb4 Bxb4 20. Rac1 Qe7 {Hoping for ...Bxf3.} 21. Red1 Rac8 22. Bc4 a5 23. Ba6 Rxc1 24. Rxc1 Ba8 25. Bb5 Nd5 26. Bd2 Bxd2 27. Qxd2 Nf4 {aiming for ...Bxf3.} 28. Qe3 {[#]} Nxh3+ $1 29. Kh2 ({Reject} 29. gxh3 Bxf3 30. Rc3 e4 $17) (29. Kf1 Bxf3) 29... Bxf3 30. Qxf3 Nf4 31. g3 Ne6 32. Qd5 Qf6 $36 {[%mdl 2048] Black is really pushing.} 33. Kg1 {[#] Loses the game.} (33. Kg2 $17) 33... Rd8 $1 $19 {[%cal Rd8d5]} 34. Qb7 {[#]} Rd2 $1 {[%csl LRb2,LRf2]} 35. Rc8+ (35. Qb6 {was called for.} Qf5 36. Qe3) 35... Kh7 36. Qe4+ g6 37. Qe3 {[#]} Ng5 $1 {[%mdl 512] Threatens to win with ...Rd1+.} 38. Kg2 (38. Be2 Rxb2) 38... Qf5 {Weighted Error Value: White=0.25/Black=0.05} 0-1